000 00372pam a2200157a 44500
008 230405s0 xxu||||| |||| 00| 0 eng d
041 _aENG
100 _aHEINEMANN LENNOY
245 _aMEDICAL DICTIONARY
260 _aNEW DELHI
_bCbs Pub.
_c0
300 _a611p.
440 _aSOURCE=S.K.KOTHARI PUNE
650 _aVOCATIONAL
690 _aVOCATIONAL
906 _a10618
999 _c790834
_d790834